| 000 | 00925nam a2200217Ii 4500 | ||
|---|---|---|---|
| 003 | JO-AjNU | ||
| 008 | 230605s9999||||xx |||||||||||||| ||und|| | ||
| 040 |
_aJO-AjNU _bara _erda _cJO-AjNU |
||
| 041 | _aara | ||
| 050 | 1 | 4 | _aTH420.J67.1993 |
| 100 | 3 |
_aإعداد حسن عكور، اكرم عباسي, _eauthor _951590 |
|
| 245 | 0 | 0 | _aمجلس البناء الوطني الأردني، وزارة الأشغال العامة والإسكان: كودة الطوبار |
| 250 | _aط1 | ||
| 264 | 3 | 1 | _aعمان: الجمعية العلمية الملكية،مجلس البناء الوطني الأردني، 1993 |
| 300 | _a101ص | ||
| 336 |
_atext _btxt _2rdacontent |
||
| 337 |
_aunmediated _bn _2rdamedia |
||
| 338 |
_avolume _bnc _2rdacarrier |
||
| 490 | 0 | _aكودات البناء الوطني الأردني | |
| 650 | 4 |
_aالمباني -- مواصفات معيارية -- الأردن -- الطوبار _951591 |
|
| 999 |
_aA22801 _c26369 _d26369 |
||